000 00688cab a2200265 4500
001 WB2708-12
008 090401t1991 xxu||||| |||| 00| 0 eng d
035 _a(Sirsi) u14233
041 _aeng
245 _aRental growth key to recovery in retail market
260 _c1991
350 _a0
490 _aDaily Telegraph
_v19/2/91 p27
520 _aPredicts that rental growth holds the key to recovery in retail market .
650 _aFORECAST
650 _aHIGH STREET
650 _aINSTITUTIONS
650 _aINVESTMENT
650 _aRENTS
650 _aRETAIL PROPERTY
650 _aUBR
690 _aPROPERTY-COMMERCIAL PROPERTY
942 _n0
948 _c04/03/1997
999 _c9249
_d9249